ბათუმის შოთა რუსთაველის სახელმწიფო უნივერსიტეტის ბიბლიოთეკა

SQL Server. №9(165). Сентябрь.2014. (ბიბ.ჩანაწერი № 46824)

000 -LEADER
fixed length control field 00343nam a2200133Ia 4500
001 - CONTROL NUMBER
control field 13675
003 - CONTROL NUMBER IDENTIFIER
control field GE_BSU
008 - FIXED-LENGTH DATA ELEMENTS--GENERAL INFORMATION
fixed length control field 181216s||||||||xx |||||||||||||| ||und||
040 ## - CATALOGING SOURCE
Transcribing agency GE_BSU
245 ## - TITLE STATEMENT
Title SQL Server. №9(165). Сентябрь.2014.
245 ## - TITLE STATEMENT
Remainder of title Журнал для профессионалов.
653 ## - INDEX TERM--UNCONTROLLED
Uncontrolled term SQL Server
942 ## - ADDED ENTRY ELEMENTS (KOHA)
Koha item type პერიოდიკა

არაა ხელმისაწვდომი ეგზემპლარები.